000 00447nam a2200181Ia 4500
001 4257
005 20260306145742.0
008 260306t2008||||xx |||||||||||||| ||spa||
041 _aESP
082 _a320.1
_bG49
100 _aGiraldo, Jorge (ed.)
_eAUT
245 0 _aCarl Schmitt:
_bderecho, política y grandes espacios
260 _c2008
300 _a207 páginas :
_c23 cm.
650 _aGEN
654 _aCDE
942 _cLIB
_dJUS
_fJUS
_2ddc
_n
999 _c4257
_d4257